'B' TV Shows by Cast Photo Quiz Stats

 Plays Quiz Updated Nov 21, 2015

Challenge
Share
Tweet
Score 0/24 Timer 08:00
2 Plays Today
% Correct
Breaking Bad
94%
The Big Bang Theory
91.7%
Baywatch
90%
Buffy the Vampire Slayer
87%
Bones
80.3%
Bewitched
73.1%
Beverly Hills, 90210
69.8%
Brooklyn Nine-Nine
65.1%
Black-ish
64.4%
Boardwalk Empire
64.4%
Boy Meets World
62.6%
Bonanza
59.8%
% Correct
Better Call Saul
58.1%
Boston Legal
56.3%
Bates Motel
55.8%
The Blacklist
55.3%
Burn Notice
50.1%
Battlestar Galactica
42.5%
Brothers and Sisters
34.2%
The Borgias
30.8%
Babylon 5
28.5%
Blue Mountain State
25.8%
Better Off Ted
20%
Being Human
17.4%

You're not logged in!

Compare scores with friends on all Sporcle quizzes.
OR
Log In

You Might Also Like...

Show Comments

Extras

Top Quizzes Today


Score Distribution

Your Account Isn't Verified!

In order to create a playlist on Sporcle, you need to verify the email address you used during registration. Go to your Sporcle Settings to finish the process.

Report this User

Report this user for behavior that violates our Community Guidelines.

Details: